Artificial Intelligence: A Modern Approach / (Record no. 4411)

000 -LEADER
fixed length control field 00767nam a22002417a 4500
003 - CONTROL NUMBER IDENTIFIER
control field OSt
005 - DATE AND TIME OF LATEST TRANSACTION
control field 20250610122355.0
008 - FIXED-LENGTH DATA ELEMENTS--GENERAL INFORMATION
fixed length control field 250610b |||||||| |||| 00| 0 eng d
020 ## - INTERNATIONAL STANDARD BOOK NUMBER
International Standard Book Number 9789356063570
050 ## - LIBRARY OF CONGRESS CALL NUMBER
Classification number Q335.R86 2025
100 ## - MAIN ENTRY--PERSONAL NAME
Personal name Russell, Stuart
245 ## - TITLE STATEMENT
Title Artificial Intelligence: A Modern Approach /
Remainder of title Stuart Russell & Peter Norvig
250 ## - EDITION STATEMENT
Edition statement 4th edition
260 ## - PUBLICATION, DISTRIBUTION, ETC. (IMPRINT)
Place of publication, distribution, etc India
Name of publisher, distributor, etc Pearson Education Ltd
Date of publication, distribution, etc 2025
300 ## - PHYSICAL DESCRIPTION
Extent xxviii, 1288 pages:
Other physical details illustrations
Dimensions 26 cm
650 ## - SUBJECT ADDED ENTRY--TOPICAL TERM
Topical term or geographic name as entry element Artificial intelligence
650 ## - SUBJECT ADDED ENTRY--TOPICAL TERM
Topical term or geographic name as entry element Machine learning
650 ## - SUBJECT ADDED ENTRY--TOPICAL TERM
Topical term or geographic name as entry element Intelligent agents (Computer software)
650 ## - SUBJECT ADDED ENTRY--TOPICAL TERM
Topical term or geographic name as entry element Expert systems (Computer science)
650 ## - SUBJECT ADDED ENTRY--TOPICAL TERM
Topical term or geographic name as entry element Natural language processing (Computer science)
700 ## - ADDED ENTRY--PERSONAL NAME
Personal name Norvig, Peter
942 ## - ADDED ENTRY ELEMENTS (KOHA)
Source of classification or shelving scheme
Koha item type Book
Holdings
Withdrawn status Lost status Source of classification or shelving scheme Damaged status Not for loan Home library Current library Shelving location Date acquired Total Checkouts Full call number Barcode Date last seen Copy number Price effective from Koha item type
          Riara University Library Riara University Library General stack 01/06/2025   Q335.R86 2025 10800/25 10/06/2025 C.1 10/06/2025 Book
          Riara University Library Riara University Library General stack 01/06/2025   Q335.R86 2025 10798/25 10/06/2025 C.2 10/06/2025 Book

Riara University Library,
P.O. Box 49940-00100,
Nairobi, Kenya.